000 00701nam a2200229Ia 4500
003 OSt
005 20220923230659.0
006 a|||||r|||| 00| 0
007 ta
008 Pun
024 _a304,703
037 _cTextual
040 _aARTS
_cARTS
_bPun
041 _2Pun
_aPun
082 _aV2:2501.M, 153K3
100 _aਸਹਿਰਾਈ, ਪਿਆਰਾ ਸਿੰਘ, ੳਗ.
245 0 _aਹਿੰਦੁਸਤਾਨ ਦੀ ਪਹਿਲੀ ਜੰਗਿ ਆਗ਼ਾਦੀ
260 _c1963
650 _aਭਾਰਤੀਯ ਇਤਿਹਾਸ
942 _hV2:2501.M, 153K3
_cTEXL
_2CC
999 _c386510
_d386510